The tribe Hippomaneae (Euphorbiaceae) in Brazil (Registro n. 329252)
[ somente texto ]
| 000 -LÍDER | |
|---|---|
| fixed length control field | 03259nab a2200241 i 4500 |
| 003 - CÓDIGO MARC DA AGÊNCIA CATALOGADORA | |
| Campo de controle | BR-BrBNA |
| 005 - DATA E HORA DA ÚLTIMA ATUALIZAÇÃO | |
| Campo de controle | 20241213171033.0 |
| 008 - CAMPO DE TAMANHO FIXO | |
| fixed length control field | 241213b2012 bl.qr|pooa||| 00| 0 eng | |
| 040 ## - FONTE DA CATALOGAÇÃO | |
| Agência catalogadora | BR-BrBNA |
| Idioma da catalogação | eng |
| 072 ## - CATEGORIA AGRIS | |
| Código AGRIS | F70 |
| 100 ## - ENTRADA PRINCIPAL - NOME PESSOAL | |
| Nome pessoal | Esser, Hans-Joachim |
| 245 ## - TÍTULO PRINCIPAL | |
| Título principal | The tribe Hippomaneae (Euphorbiaceae) in Brazil |
| 500 ## - NOTA GERAL | |
| Nota geral | Publicação on-line; Bibliography p. 223-225 (66 ref.); 2 tables; Summaries (En, Pt) |
| 942 ## - ADDED ENTRY ELEMENTS (KOHA) | |
| Koha item type | Analítica |
| 520 ## - NOTA DE RESUMO | |
| Nota de conteúdo | <br/><br/>Abstract<br/><br/>The tribe Hippomaneae (Euphorbiaceae) in Brazil. The tribe Hippomaneae is discussed with respect to its<br/>taxonomic history, its placement within the Euphorbiaceae, its diagnostic characters (particularly the floral<br/>buds), current data on phylogeny and subdivision, and its general pattern of diversity. The tribe is represented<br/>in Brazil with 13 genera and ca. 120 species. A key to the Brazilian genera is provided. All Brazilian genera<br/>are discussed, citing relevant characters, recent taxonomic literature, and the current state of knowledge,<br/>sometimes pointing to unresolved problems. For five of the genera, published revisions exist; six genera<br/>have unpublished but completed revisions or are currently under revision. Actinostemon and Gymnanthes <br/>are currently the most difficult genera, mostly based on the absence of available up-to-date taxonomic references.<br/>For Mabea and Senefeldera, two genera with completed but currently unpublished revisions, additional data<br/>are given on aspects of their taxonomy, ecology and biogeography.<br/><br/>Key words: Brazilian Hippomaneae, Mabea, Senefeldera, flowering plant taxonomy. |
| 520 ## - NOTA DE RESUMO | |
| Nota de conteúdo | <br/><br/>Resumo<br/><br/>A tribo Hippomaneae é discutida em relação à sua história taxonômica, posição sistemática nas Euphorbiaceae,<br/>em seus principais caracteres morfológicos diagnósticos, com ênfase no botão floral, em sua atual filogenia e<br/>subdivisão, e em seus padrões gerais de diversidade. A tribo está representada no Brasil por 13 gêneros e cerca<br/>de 120 espécies. Uma chave para os gêneros brasileiros é fornecida. Todos os gêneros do Brasil são discutidos<br/>sucintamente, citando-se suas características mais relevantes, a literatura taxonômica mais recente e o seu estado<br/>atual de conhecimento, bem como algumas sugestões para problemas ainda não resolvidos sobre os táxons. Há<br/>revisões publicadas para cinco dos gêneros, sendo que seis já foram revisados ou estão sendo revisados, mas<br/>permanecem inéditos. Actinostemon e Gymnanthes são atualmente os gêneros mais difíceis, especialmente<br/>pela ausência de referências taxonômicas atuais disponíveis. Para Mabea e Senefeldera, gêneros já revisados,<br/>mas não publicados, são fornecidos dados adicionais sobre a taxonomia, ecologia e biogeografia.<br/><br/>Palavras-chave: Hippomaneae no Brasil, Mabea, Senefeldera, taxonomia de Fanerógamos. |
| 650 ## - ASSUNTO - THESAGRO | |
| Cabeçalho tópico ou nome geográfico | TAXONOMIA |
| 650 ## - ASSUNTO - THESAGRO | |
| Cabeçalho tópico ou nome geográfico | EUPHORBIACEAE |
| 650 ## - ASSUNTO - THESAGRO | |
| Cabeçalho tópico ou nome geográfico | COMPOSIÇÃO BOTÂNICA |
| 773 0# - ENTRADA ANALÍTICA | |
| Host Biblionumber | 709 |
| Registro do item | 347363 |
| Imprenta | Rio de Janeiro-RJ Jardim Botanico do Rio de Janeiro 1935 |
| Outro identificador | 2024-8300 |
| Título | Rodriguésia (Brazil) |
| ISSN | 0370-6583; 2175-7860 on-line |
| Colação | v. 63(1) p. 209-225; (2012) |
| Número de controle de registro | BR2024002898 |
| 856 ## - ACESSO E ENDEREÇO ELETRÔNICO | |
| Identificador uniforme de recurso - URI | https://www.scielo.br/j/rod/a/btgKfy5VWnth9kfhdxgbCWf/?format=pdf&lang=en |
Nenhum exemplar disponível.

BINAGRI